000 00484nam a2200169Ia 4500
003 GCL
008 140319s9999 xx 000 0 eng d
040 _aGCL /
_cGCL
082 0 4 _a684.1043
_bB W
100 1 _aBRUMBAGH, JAMES E.
245 1 0 _aWOOD FURNITURE: FINISHING REFINSHY REPAIRING /
_cBRUMBAGH, JAMES E.
260 _a[S.N] :
_bMACMILIAN PUBLISHING COMPANY ،
_c1992
300 _a402 P
650 0 4 _aFURNITURE HINISHING
650 0 4 _aFURNITURE REPAIRING
942 _2ddc
_cBK
999 _c12727
_d12727